000 00410nam a2200145Ia 4500
008 230711s9999||||xx |||||||||||||| ||und||
041 _aENG
082 _a4
_bRO-A
100 _aRolston,DW
245 0 _aPrinciples of artificial intelligence and expert systems development
250 _a1st Ed.
260 _c1988
_aNew Delhi
_bTata McGraw Hill Education Limited
650 _aComputer Engineering
942 _cBK
999 _c2332
_d2332